| 000 | 00354nam a2200121Ia 4500 | ||
|---|---|---|---|
| 008 | 171205s9999 xx 000 0 und d | ||
| 020 | _a9781138100893 | ||
| 100 | _aChristensen, Pia. | ||
| 245 |
_cPia Christensen, Allison James _aResearch with Children Perspectives and Practices |
||
| 250 | _a3rd ed. | ||
| 260 |
_bRoutledge _c2017 |
||
| 300 | _a231 pages | ||
| 999 |
_c347361 _d347361 |
||